000 00304nam a2200109Ia 4500
005 20250424120222.0
008 250424s9999 xx 000 0 und d
022 _a15950956
245 0 _aAfrican renaissance and the struggle with historical identities
260 _bAfrican cultural institute
942 _cSR
999 _c38058
_d38058